000
00327nam a22001457a 4500
008
250423b ||||| |||| 00| 0 eng d
020
_a
9781478948223
041
_a
eng
080
_2
2018
_a
33GAD
082
_2
33GAD
_a
33GAD
100
_a
22
101
_a
MATEMATIK
245
_a
COWGIRL POWER
_c
GAY GADDIS
942
_2
udc
_c
BK
999
_c
60695
_d
60695